000 00516nam a2200193Ia 4500
003 GCL
008 140319s9999 xx 000 0 ara d
040 _aGCL /
_cGCL
082 0 4 _a813.008
_bر ح
100 1 _aرمسيس لبيب
245 1 0 _aالحب فوق مستطيل الضوء الشاحب /
_cرمسيس لبيب
300 _a126 ص
490 _aكتاب
_v0
650 0 4 _aالادب العربى
650 0 4 _aالادب
650 0 4 _aالقصص
650 0 4 _aالمجموعات
942 _2ddc
_cBK
999 _c41867
_d41867